All 4-Letter Words Starting with “A” - Statistics

General Stats
  • This quiz has been taken 2,805 times
    1,350 since last reset
  • The average score is 57 of 204
Answer Stats
Word % Correct
arts
79%
able
71%
ages
71%
apes
71%
ants
70%
aims
69%
arms
68%
aces
67%
adds
67%
ache
66%
axes
66%
alls
64%
aids
63%
airs
63%
ally
63%
awes
61%
ails
60%
also
59%
ands
59%
asks
58%
ales
56%
acts
55%
aged
55%
arch
55%
aced
54%
ares
54%
arty
54%
arcs
52%
arks
52%
army
52%
aqua
51%
area
51%
ayes
50%
alps
48%
amps
48%
anti
48%
ashy
48%
awed
48%
ajar
47%
aunt
47%
away
47%
amen
46%
airy
45%
alto
45%
apps
45%
axed
45%
acid
44%
abet
43%
alms
43%
ammo
43%
axel
43%
axis
43%
ager
42%
alas
42%
a***
41%
acre
41%
amid
41%
arid
40%
abut
39%
ante
39%
aped
39%
aver
39%
afar
38%
aves
38%
avid
38%
axle
38%
aide
37%
aloe
37%
alts
37%
ates
37%
achy
36%
asps
36%
aura
36%
anon
35%
aper
33%
a***
32%
abed
32%
ados
31%
akin
31%
apex
31%
atom
31%
abba
30%
aero
30%
awls
30%
awry
29%
abas
28%
a***
27%
atop
27%
auto
27%
avow
27%
awns
27%
ably
26%
acne
26%
alit
26%
aria
26%
adze
24%
afro
24%
agro
24%
ahoy
24%
ains
24%
alma
24%
anew
24%
agar
23%
agee
23%
agog
23%
ahem
22%
alum
22%
amis
22%
alan
21%
alga
21%
amok
21%
anna
21%
auks
21%
anes
20%
abbe
19%
agas
19%
aits
19%
alar
19%
alba
19%
amas
19%
anis
19%
arfs
19%
aahs
18%
acme
18%
agin
18%
awol
18%
acai
17%
acro
17%
amin
17%
amir
17%
arco
17%
argh
17%
airt
16%
alfa
16%
alow
16%
agon
15%
alee
15%
amie
15%
anas
15%
apse
15%
axon
15%
ague
14%
albs
14%
alec
14%
alme
14%
ankh
14%
arbs
14%
aeon
13%
alef
13%
anil
13%
axil
13%
acta
12%
adit
12%
anta
12%
areg
12%
aril
12%
abys
11%
apos
11%
awee
11%
ambo
10%
asea
10%
aals
9%
alae
9%
auld
9%
anga
8%
agio
7%
ahis
7%
airn
7%
arum
7%
avos
7%
agha
6%
agly
6%
alif
6%
alky
6%
amah
6%
amia
6%
amus
6%
anoa
6%
apod
6%
arvo
6%
awny
6%
axal
6%
abri
5%
abye
5%
aery
5%
ansa
5%
arak
5%
ayah
5%
azon
5%
aglu
4%
agma
4%
ahed
4%
akee
4%
augh
4%
azan
4%
acyl
3%
ajee
3%
amyl
3%
ayin
3%
ajis
2%
aryl
2%
asci
2%
atap
2%
atma
2%
No matching quizzes found
Score Distribution
Percent of People with Each Score
Percentile by Number Answered
Your Score History
You have not taken this quiz since the last reset